Globalización, cultura y diversidad: una aproximación Latinoamericana /

Сохранить в:
Библиографические подробности
Главный автор: Grompone Grille, Romeo
Корпоративные авторы: Consejo Latinoamericano de Ciencias Sociales, CLACSO ASDI Agencia Sueca de Desarrollo Internacional IEP Instituto de Estudios Peruanos
Другие авторы: Prof. Pajuelo Teves, Ramón César Prof. Nova Arismendi, Rafael Fernando Prof
Формат: Текст
Опубликовано: Buenos Aires: Campo Virtual
Редактирование:0
Метки: Добавить метку
Нет меток, Требуется 1-ая метка записи!

MARC

LEADER 00000 a a2200000 04500
001 29926
003
040
090 |a 192028  |b RECURSO ELECTRONICO  
100 |a Grompone Grille, Romeo  
110 |a Consejo Latinoamericano de Ciencias Sociales  
245 |a Globalización, cultura y diversidad: una aproximación Latinoamericana /  |c Consejo Latinoamericano de Ciencias Sociales  
250 |a 0  
260 |a Buenos Aires:   |b Campo Virtual  
500 |a Datos de edición: Manuel Antonio Garretón, coord., América Latina: un espacio cultural en el mundo globalizado. Debates y perspectivas. Convenio Andrés Bello, Bogotá, 1999, pp. 296-321  
700 |a Prof.   |a Pajuelo Teves, Ramón César   |a Prof.   |a Nova Arismendi, Rafael Fernando   |a Prof.  
710 |a CLACSO   |a ASDI   |a Agencia Sueca de Desarrollo Internacional   |a IEP   |a Instituto de Estudios Peruanos  
999 |c 5776  |d 5776